Chile, una industrialización desordenada

Gespeichert in:
Bibliographische Detailangaben
Hauptverfasser: Hoffmann, Rodolfo (VerfasserIn), Debuyst, Fréderic (VerfasserIn)
Format: Buch
Sprache:Spanisch
Veröffentlicht: Santiago DESAL 1966
Schlagworte:
Tags: Tag hinzufügen
Keine Tags, Fügen Sie den ersten Tag hinzu!

MARC

LEADER 00000cam a2200000 a 4500
001 UCR9526
003 CL-VaPUC
008 980613e19660000CL |||||||||||||||||spa|d
082 0 4 |a 338.983  |b HOF  |2 21 
100 |a Hoffmann, Rodolfo  |e author  |9 412143 
700 0 |a Debuyst, Fréderic  |e author  |9 412144 
245 1 0 |a Chile, una industrialización desordenada 
300 |a 111 p 
942 |c BK 
945 |d 19980613 00:00:00  |a crobeson 
260 |a Santiago  |b DESAL  |c 1966 
650 0 |a Industrialización  |9 263687 
650 0 |a Desarrollo industrial  |9 322675 
650 7 |a FACTORES SOCIOECONOMICOS  |2 CL-VaPUC  |9 339981 
650 0 |a Condiciones económicas  |9 258255 
650 7 |a INDUSTRIAS MANUFACTURERAS  |2 CL-VaPUC  |9 360402 
651 7 |a CHILE  |2 CL-VaPUC  |9 412145 
583 |a last modification  |c 20150330 04:14:56  |k Rodrigo Vera 
999 |c 270715  |d 270713 
952 |0 0  |1 0  |4 0  |6 338_983000000000000_HOF_1966  |7 0  |8 A  |9 305107  |a BIBENE  |b BIBENE  |d 2019-11-20  |i 1417347  |o 338.983 HOF 1966  |p 1417347  |r 2025-01-15  |w 2019-11-20  |y BK  |k ICO 
952 |0 0  |1 0  |3 erb  |4 0  |6 338_983000000000000_HOF_1966  |7 0  |8 A  |9 305108  |a BIBHIS  |b BIBHIS  |i 5144094  |o 338.983 HOF 1966  |p 5144094  |r 2025-01-20  |w 2019-11-20  |y BK  |z Catalogado en:20150402  |k HIS